|
|
|
|
| LEADER |
01808nam a22003733i 4500 |
| 001 |
EBC4006898 |
| 003 |
MiAaPQ |
| 005 |
20231204023213.0 |
| 006 |
m o d | |
| 007 |
cr cnu|||||||| |
| 008 |
231204s1995 xx o ||||0 ger d |
| 020 |
|
|
|a 9783110899504
|q (electronic bk.)
|
| 020 |
|
|
|z 9783110149975
|
| 035 |
|
|
|a (MiAaPQ)EBC4006898
|
| 035 |
|
|
|a (Au-PeEL)EBL4006898
|
| 035 |
|
|
|a (OCoLC)1350688147
|
| 040 |
|
|
|a MiAaPQ
|b eng
|e rda
|e pn
|c MiAaPQ
|d MiAaPQ
|
| 100 |
1 |
|
|a Peschel-Gutzeit, Lore Maria.
|
| 245 |
1 |
0 |
|a Zur Rechtlichen Auseinandersetzung Mit der NS-Gewaltherrschaft und Dem SED-Regime :
|b Überarbeitete und Ergänzte Fassung Eines Vortrages Gehalten Vor der Juristischen Gesellschaft Zu Berlin Am 7. Juni 1995.
|
| 250 |
|
|
|a 1st ed.
|
| 264 |
|
1 |
|a Berlin/Boston :
|b De Gruyter, Inc.,
|c 1995.
|
| 264 |
|
4 |
|c {copy}1995.
|
| 300 |
|
|
|a 1 online resource (52 pages)
|
| 336 |
|
|
|a text
|b txt
|2 rdacontent
|
| 337 |
|
|
|a computer
|b c
|2 rdamedia
|
| 338 |
|
|
|a online resource
|b cr
|2 rdacarrier
|
| 490 |
1 |
|
|a Schriftenreihe der Juristischen Gesellschaft Zu Berlin Series ;
|v v.142
|
| 588 |
|
|
|a Description based on publisher supplied metadata and other sources.
|
| 590 |
|
|
|a Electronic reproduction. Ann Arbor, Michigan : ProQuest Ebook Central, 2023. Available via World Wide Web. Access may be limited to ProQuest Ebook Central affiliated libraries.
|
| 655 |
|
4 |
|a Electronic books.
|
| 776 |
0 |
8 |
|i Print version:
|a Peschel-Gutzeit, Lore Maria
|t Zur Rechtlichen Auseinandersetzung Mit der NS-Gewaltherrschaft und Dem SED-Regime
|d Berlin/Boston : De Gruyter, Inc.,c1995
|z 9783110149975
|
| 797 |
2 |
|
|a ProQuest (Firm)
|
| 830 |
|
0 |
|a Schriftenreihe der Juristischen Gesellschaft Zu Berlin Series
|
| 856 |
4 |
0 |
|u https://ebookcentral.proquest.com/lib/matrademy/detail.action?docID=4006898
|z Click to View
|